The Australian library journal

Detalles Bibliográficos
Autor Corporativo: Library Association of Australia
Formato: Desconocido
Lenguaje:inglés
Publicado: Sydney : Library Association of Australia
Materias:
Acceso en línea:Acceso restringido

MARC

LEADER 00000ny a22000003n 4500
005 20110511125741.0
006 s r p s | a0
007 cr cnu---m|a|a
008 750807c1951 at qrzp j 0 a0eng c
010 |a 57058362 
022 |a 0004-9670 
035 |a 2973 
040 |a WaSeSS  |d vLex 
080 |a 02(05) 
082 |a 020.5 
090 |c 1664  |d 1664 
245 3 4 |a The Australian library journal  |h [Recurso electrn̤ico] 
246 3 3 |a Australian library journal 
256 |a Servicio en ln̕ea 
260 |a Sydney :  |b Library Association of Australia 
310 |a Trimestral 
506 1 |a Contenido solo disponible en los productos indicados  |d vLex Global  |d vLex Global (Academic Edition, excluding Law Schools)  |d vLex Global (Academic Edition, Law Schools) 
650 0 4 |a Bibliotecas  |z Australia  |x Publicaciones perid̤icas 
710 2 |a Library Association of Australia 
740 0 |a vLex Revista (Servicios en ln̕ea) 
843 |a Electrn̤ica. Abierta 
853 |8 1  |i (year)  |j (month)  |k (day) 
856 4 0 |z Acceso restringido  |u http://vlex.com/account/login_ip?fuente_id=2973  
942 |c REV 
999 0 |a Libraries  |z Australia  |v Periodicals. 
999 0 |a Library science  |v Periodicals.